Flagi państw francuskojęzycznych - Statystyki

Ogólne statystyki
  • Ten quiz został rozwiązany 38 razy
  • Średni wynik to 25 z 27
Statystyki odpowiedzi
Obrazkowy Odpowiedź % Poprawnych
Kanada
100%
Belgia
97%
Francja
97%
Haiti
97%
Luksemburg
97%
Demokratyczna Republika Konga
94%
Kamerun
94%
Monako
94%
Seszele
94%
Szwajcaria
94%
Togo
94%
Wybrzeże Kości Słoniowej
94%
Benin
91%
Burundi
91%
Czad
91%
Madagaskar
91%
Mauritius
91%
Senegal
91%
Dżibuti
89%
Gabon
89%
Gwinea Równikowa
89%
Komory
89%
Republika Środkowoafrykańska
89%
Rwanda
89%
Vanuatu
86%
Gwinea
83%
Kongo
83%
Nie znaleziono quizów pasujących do podanych kryteriów
Rozkład punktacji
Procent ludzi z każdym wynikiem
Percentyl według liczby udzielonych odpowiedzi
Twoja historia wyników
Nie rozwiązałeś tego quizu